[Event "NOR-chT Elite 2324"]
[Site "Norway"]
[Date "2024.03.09"]
[Round "8.15"]
[White "Getz, Nicolai"]
[Black "Lindbol, Aleksander"]
[Result "1/2-1/2"]
[WhiteElo "2354"]
[BlackElo "2230"]
[PlyCount "115"]
[EventDate "2023.10.27"]
[EventType "team-tourn"]
[EventRounds "9"]
[EventCountry "NOR"]
[SourceTitle "CB16_2024"]
[SourceDate "2024.04.17"]
[SourceVersion "1"]
[SourceVersionDate "2024.04.17"]
[SourceQuality "1"]
[WhiteTeam "OSS"]
[BlackTeam "Oslo SK 1911"]
[WhiteTeamCountry "NOR"]
[BlackTeamCountry "NOR"]

1. e4 c6 2. Nc3 d5 3. Nf3 Bg4 4. h3 Bxf3 5. Qxf3 Nf6 6. Be2 e6 7. 0-0 Be7 8. Rd1 d4 9. Nb1 h5 10. c3 g5 11. cxd4 Qxd4 12. Nc3 g4 13. Qe3 Bc5 14. Qxd4 Bxd4 15. d3 gxh3 16. gxh3 Rg8+ 17. Kf1 Nbd7 18. Bf4 Rg6 19. Bf3 0-0-0 20. Ke2 e5 21. Bh2 Nc5 22. Rac1 a5 23. Kf1 Ne6 24. Rd2 Rh8 25. Nb5 Kd7 26. Nxd4 Nxd4 27. Bd1 Rhg8 28. f4 exf4 29. Rf2 Ke7 30. Rxf4 Ne6 31. Rf5 Nd4 32. Rf2 Ne6 33. Be5 Rg1+ 34. Ke2 Nd7 35. Bh2 Rh1 36. Kd2 Ndc5 37. Rxf7+ Kxf7 38. Bxh5+ Ke7 39. Rxh1 Rg2+ 40. Ke3 Rxb2 41. d4 Nd7 42. d5 cxd5 43. exd5 Nf6 44. Bf3 Ng5 45. d6+ Ke6 46. Bd1 Nxh3 47. Bb3+ Kd7 48. Bg3 Ng5 49. Rf1 Rg2 50. Rxf6 Rxg3+ 51. Kf4 Rf3+ 52. Kxg5 Rxf6 53. Kxf6 Kxd6 54. Kf5 Kc5 55. Ke4 Kb4 56. Kd5 a4 57. Bc4 b5 58. Bxb5 1/2-1/2

[Event "NOR-chB"]
[Site "Oslo"]
[Date "2023.07.08"]
[Round "9"]
[White "Unneland, Mathias"]
[Black "Lindbol, Aleksander"]
[Result "0-1"]
[WhiteElo "2158"]
[BlackElo "2234"]
[PlyCount "60"]
[EventDate "2023.06.30"]
[EventType "swiss"]
[EventRounds "9"]
[EventCountry "NOR"]
[SourceTitle "EXT 2024"]
[Source "ChessBase"]
[SourceDate "2023.10.10"]
[SourceVersion "1"]
[SourceVersionDate "2023.10.10"]
[SourceQuality "1"]

1. d4 d5 2. c4 c6 3. Nf3 Nf6 4. Nc3 dxc4 5. a4 Bf5 6. Ne5 Nbd7 7. Nxc4 Qc7 8. g3 e5 9. dxe5 Nxe5 10. Bf4 Nfd7 11. Bg2 g5 12. Ne3 gxf4 13. Nxf5 fxg3 14. hxg3 0-0-0 15. Qc2 Kb8 16. 0-0-0 Bb4 17. Kb1 a5 18. Na2 Qb6 19. e3 Nf6 20. Nxb4 Qxb4 21. Rh4 Nfg4 22. Rhh1 Nc4 23. Ka2 Nxf2 24. Rd4 Rxd4 25. exd4 Nxh1 26. Bxh1 Re8 27. d5 Re1 28. dxc6 Rxh1 29. c7+ Kxc7 30. Ne3 Qxb2+ 0-1

[Event "NOR-chB"]
[Site "Oslo"]
[Date "2023.07.06"]
[Round "7"]
[White "Myagmarsuren, Evsuld"]
[Black "Lindbol, Aleksander"]
[Result "1-0"]
[WhiteElo "2184"]
[BlackElo "2234"]
[PlyCount "145"]
[EventDate "2023.06.30"]
[EventType "swiss"]
[EventRounds "9"]
[EventCountry "NOR"]
[SourceTitle "EXT 2024"]
[Source "ChessBase"]
[SourceDate "2023.10.10"]
[SourceVersion "1"]
[SourceVersionDate "2023.10.10"]
[SourceQuality "1"]

1. e4 c6 2. d4 d5 3. e5 c5 4. dxc5 e6 5. Be3 Nd7 6. Nf3 Bxc5 7. Bxc5 Nxc5 8. Qd4 Qb6 9. a4 Ne7 10. a5 Qc7 11. Qc3 Bd7 12. Nbd2 Rc8 13. Be2 0-0 14. 0-0 Ng6 15. Qe3 Ne4 16. Nxe4 dxe4 17. Qxe4 Qxc2 18. Qe3 Qc5 19. Qd2 Qc7 20. b4 Bc6 21. Rac1 Qb8 22. Rfd1 Nxe5 23. Nd4 Bd5 24. Nf5 Ng6 25. Qb2 exf5 26. Rxd5 Rxc1+ 27. Qxc1 Nf4 28. Rd2 Rc8 29. Qd1 Nxe2+ 30. Rxe2 Qd6 31. Qe1 g6 32. Re8+ Rxe8 33. Qxe8+ Kg7 34. Qe1 Qd4 35. Kh1 a6 36. h3 Kf6 37. f3 h6 38. Qb1 Qc3 39. f4 Kg7 40. h4 Qg3 41. Qa1+ Kg8 42. h5 Qxf4 43. hxg6 Qh4+ 44. Kg1 fxg6 45. Qc3 Qe7 46. b5 axb5 47. Qb3+ Kh7 48. Qxb5 h5 49. Qd5 h4 50. Kh2 Qc7+ 51. Kh1 Qc1+ 52. Kh2 Qf4+ 53. Kg1 Qe4 54. Qd7+ Kh6 55. Qd2+ Kh5 56. Qd1+ Kg5 57. Qd2+ Kg4 58. Qd1+ Kg3 59. Qb3+ Kf4 60. Kh2 Qe5 61. Qxb7 Kg5+ 62. Kh1 Qxa5 63. Qe7+ Kg4 64. Qe2+ Kf4 65. Qf2+ Kg5 66. Qe3+ Kh5 67. Qe2+ Kh6 68. Qe3+ g5 69. Qe6+ Kh5 70. Qf7+ Kg4 71. Qc4+ Kg3 72. Qd3+ Kf4 73. Qd4+ 1-0

[Event "NOR-chT Elite 2223"]
[Site "Norway"]
[Date "2023.01.15"]
[Round "6.45"]
[White "Lindbol, Aleksander"]
[Black "Ingebretsen, Jens E"]
[Result "0-1"]
[WhiteElo "2220"]
[BlackElo "2372"]
[PlyCount "71"]
[EventDate "2022.11.11"]
[EventType "team-tourn"]
[EventRounds "9"]
[EventCountry "NOR"]
[SourceTitle "CBM 213 Extra"]
[Source "ChessBase"]
[SourceDate "2023.05.31"]
[SourceVersion "1"]
[SourceVersionDate "2023.05.31"]
[SourceQuality "1"]
[WhiteTeam "Oslo SK 1911"]
[BlackTeam "OSS"]
[WhiteTeamCountry "NOR"]
[BlackTeamCountry "NOR"]

1. c4 e5 2. g3 Nf6 3. Bg2 c6 4. Nf3 e4 5. Nd4 d5 6. cxd5 Qxd5 7. e3 Bc5 8. d3 Qe5 9. dxe4 Nxe4 10. 0-0 0-0 11. b3 Nd7 12. Bb2 Ndf6 13. Nd2 Nxd2 14. Qxd2 Qh5 15. Ne2 Qh6 16. Nf4 Bb6 17. Rfe1 Rd8 18. Qc3 Bf5 19. h3 Be4 20. f3 Bg6 21. Kh2 Nd5 22. Nxd5 cxd5 23. Rac1 d4 24. Qb4 dxe3 25. a4 Qh5 26. Bc3 Rac8 27. a5 Bc5 28. Qxb7 Re8 29. Bd4 Rb8 30. Rxc5 Rxb7 31. Rxh5 Bxh5 32. Rxe3 Rxe3 33. Bxe3 Bxf3 34. Bf1 Rxb3 35. Bxa7 Rb1 36. Kg1 0-1

[Event "NOR-chT Elite 2223"]
[Site "Norway"]
[Date "2023.01.14"]
[Round "5.24"]
[White "Lindbol, Aleksander"]
[Black "Haldorsen, Benjamin"]
[Result "0-1"]
[WhiteElo "2220"]
[BlackElo "2449"]
[PlyCount "74"]
[EventDate "2022.11.11"]
[EventType "team-tourn"]
[EventRounds "9"]
[EventCountry "NOR"]
[SourceTitle "CBM 213 Extra"]
[Source "ChessBase"]
[SourceDate "2023.05.31"]
[SourceVersion "1"]
[SourceVersionDate "2023.05.31"]
[SourceQuality "1"]
[WhiteTeam "Oslo SK 1911"]
[BlackTeam "Offerspill"]
[WhiteTeamCountry "NOR"]
[BlackTeamCountry "NOR"]

1. Nf3 d5 2. g3 Nd7 3. d4 Nb6 4. Bg2 Bf5 5. 0-0 e6 6. Nbd2 c6 7. b3 Be7 8. c4 h6 9. Re1 Nf6 10. Bb2 0-0 11. Ne5 a5 12. a3 Bh7 13. c5 Nbd7 14. b4 Nxe5 15. dxe5 Nd7 16. e4 Qc7 17. exd5 cxd5 18. Nb3 axb4 19. axb4 b6 20. Rc1 bxc5 21. Nxc5 Nxc5 22. bxc5 Ra5 23. Bd4 Bxc5 24. Qd2 Qb6 25. Rxc5 Rxc5 26. Qe3 Rfc8 27. Bf1 Qb4 28. Bxc5 Rxc5 29. Ra1 Bf5 30. Ra8+ Kh7 31. Bd3 Bxd3 32. Qxd3+ Qe4 33. Qe3 Qxe3 34. fxe3 Rc4 35. Kf2 Re4 36. Kf3 Rxe5 37. Ra4 Kg6 0-1

[Event "Prague op"]
[Site "Prague"]
[Date "2022.06.11"]
[Round "2"]
[White "Huzman, Alexander"]
[Black "Lindbol, Aleksander"]
[Result "1-0"]
[WhiteElo "2539"]
[BlackElo "2245"]
[PlyCount "127"]
[EventDate "2022.06.10"]
[EventType "swiss"]
[EventRounds "9"]
[EventCountry "CZE"]
[SourceTitle "CBM 208 Extra"]
[Source "ChessBase"]
[SourceDate "2022.07.31"]
[SourceVersion "1"]
[SourceVersionDate "2022.07.31"]
[SourceQuality "1"]

1. c4 e6 2. g3 Nf6 3. Bg2 d5 4. d4 Be7 5. Nf3 dxc4 6. Qa4+ c6 7. Qxc4 b5 8. Qc2 Bb7 9. Nbd2 Nbd7 10. Nb3 0-0 11. 0-0 Qb6 12. Be3 Nd5 13. Bg5 f6 14. Bd2 c5 15. dxc5 Bxc5 16. Nxc5 Qxc5 17. Qxc5 Nxc5 18. Nd4 Nb6 19. Bxb7 Nxb7 20. Nxe6 Rfc8 21. b3 Nd6 22. Rfd1 Ne4 23. Nd4 a6 24. Ba5 Nd5 25. Nf5 Nec3 26. e4 Nxd1 27. exd5 Nc3 28. d6 Ra7 29. Kg2 g6 30. Ne7+ Rxe7 31. dxe7 Nd5 32. Rd1 Nxe7 33. Rd7 Nc6 34. Bc3 Nb8 35. Rb7 Rxc3 36. Rxb8+ Kg7 37. Rb6 Rc2 38. Rxa6 g5 39. g4 Kg6 40. h3 h6 41. b4 Rb2 42. a3 Rb3 43. f3 Kf7 44. Kf2 Ke7 45. Ra5 f5 46. Rxb5 fxg4 47. hxg4 Rxa3 48. Rf5 Rb3 49. b5 Ke6 50. Ke2 Rb4 51. Kd3 h5 52. Rxg5 hxg4 53. fxg4 Kf6 54. Kc3 Rb1 55. Rf5+ Ke6 56. Kc4 Rg1 57. Rg5 Kf6 58. Rd5 Rxg4+ 59. Kc5 Ke6 60. b6 Rg1 61. Rd2 Rb1 62. Kc6 Rc1+ 63. Kb7 Ke7 64. Kb8 1-0

[Event "NOR-chT Elite 2122"]
[Site "Norway"]
[Date "2022.02.05"]
[Round "5.5"]
[White "Lindbol, Aleksander"]
[Black "Flermoen, Peter"]
[Result "1/2-1/2"]
[WhiteElo "2217"]
[BlackElo "2306"]
[PlyCount "100"]
[EventDate "2021.10.28"]
[EventType "team-tourn"]
[EventRounds "9"]
[EventCountry "NOR"]
[SourceTitle "EXT 2023"]
[Source "ChessBase"]
[SourceDate "2022.10.05"]
[SourceVersion "1"]
[SourceVersionDate "2022.10.05"]
[SourceQuality "1"]
[WhiteTeam "Oslo SK 1911"]
[BlackTeam "Alta"]
[WhiteTeamCountry "NOR"]
[BlackTeamCountry "NOR"]

1. c4 Nf6 2. Nc3 d5 3. cxd5 Nxd5 4. Nf3 Nxc3 5. bxc3 g6 6. h4 h5 7. e4 Bg7 8. Be2 c5 9. 0-0 0-0 10. Rb1 b6 11. Ng5 Ba6 12. c4 Nc6 13. d3 Qd6 14. f4 Nd4 15. e5 Qd7 16. Be3 Nxe2+ 17. Qxe2 Qf5 18. Ne4 Rfd8 19. Rfd1 Bc8 20. Qf3 Bd7 21. d4 cxd4 22. Rxd4 Bc6 23. Rbd1 Rxd4 24. Rxd4 Rc8 25. Bf2 Bf8 26. Qe3 Bxe4 27. Qxe4 Qxe4 28. Rxe4 e6 29. Kf1 Bc5 30. Be1 Kf8 31. Re2 Ke8 32. Rc2 Kd7 33. Ke2 Kc6 34. a4 Rd8 35. Rd2 Rxd2+ 36. Bxd2 Be7 37. g3 Bc5 38. Kf3 Bd4 39. Bb4 a5 40. Ba3 Bc3 41. Ke2 Bb4 42. Bc1 Kc5 43. Kd3 Be1 44. Ba3+ Kc6 45. Be7 Bxg3 46. Bg5 Bf2 47. Bf6 Bc5 48. Bg5 Kd7 49. Kc3 Ke8 50. Kd3 Kd7 1/2-1/2

[Event "NOR-chT Elite 2122"]
[Site "Norway"]
[Date "2022.02.04"]
[Round "4.5"]
[White "Johansson, Linus"]
[Black "Lindbol, Aleksander"]
[Result "1-0"]
[WhiteElo "2473"]
[BlackElo "2217"]
[PlyCount "83"]
[EventDate "2021.10.28"]
[EventType "team-tourn"]
[EventRounds "9"]
[EventCountry "NOR"]
[SourceTitle "EXT 2023"]
[Source "ChessBase"]
[SourceDate "2022.10.05"]
[SourceVersion "1"]
[SourceVersionDate "2022.10.05"]
[SourceQuality "1"]
[WhiteTeam "Offerspill"]
[BlackTeam "Oslo SK 1911"]
[WhiteTeamCountry "NOR"]
[BlackTeamCountry "NOR"]

1. d4 d5 2. c4 c6 3. Nc3 Nf6 4. e3 e6 5. Nf3 Nbd7 6. Be2 dxc4 7. a4 Bb4 8. Bxc4 0-0 9. 0-0 Qc7 10. Qc2 e5 11. h3 a5 12. Bb3 h6 13. Bd2 Re8 14. Rac1 exd4 15. Nb5 Qb6 16. Bxb4 cxb5 17. Bd2 b4 18. exd4 Nf8 19. d5 Ne4 20. Rce1 Bf5 21. Be3 Qd8 22. Qd1 Rc8 23. Nd4 Bd7 24. Bc2 Nf6 25. Qf3 Rxc2 26. Nxc2 Bxa4 27. Nd4 Nxd5 28. Bc1 Ne7 29. Qxb7 Qxd4 30. Rxe7 Bc6 31. Qa7 Qd5 32. f3 Ra8 33. Qb6 Ne6 34. Ra7 Nd4 35. Rxa8+ Bxa8 36. Be3 Ne6 37. Ra1 Qb3 38. Bd4 Bxf3 39. gxf3 Qxf3 40. Qb8+ Kh7 41. Rf1 Qe4 42. Ba7 1-0

[Event "Tromsoe NGP op"]
[Site "Tromsoe"]
[Date "2020.09.04"]
[Round "2"]
[White "Kreken, Eivind Grunt"]
[Black "Lindbol, Aleksander"]
[Result "0-1"]
[WhiteElo "1825"]
[BlackElo "2239"]
[PlyCount "68"]
[EventDate "2020.09.04"]
[EventType "swiss"]
[EventRounds "5"]
[EventCountry "NOR"]
[SourceTitle "EXT 2021"]
[Source "ChessBase"]
[SourceDate "2020.10.23"]
[SourceVersion "1"]
[SourceVersionDate "2020.10.23"]
[SourceQuality "1"]

1. e4 c5 2. Nf3 Nc6 3. d4 cxd4 4. Nxd4 Nf6 5. Nc3 e5 6. Ndb5 d6 7. Bg5 a6 8. Na3 b5 9. Nd5 Be7 10. Bxf6 Bxf6 11. c4 b4 12. Nc2 a5 13. Qf3 Bg5 14. h4 Bh6 15. g4 Bf4 16. Nxf4 Qf6 17. 0-0-0 Qxf4+ 18. Qxf4 exf4 19. Rxd6 Ne5 20. g5 Bb7 21. f3 Nxf3 22. Be2 Ne5 23. Rf1 f3 24. Bxf3 Nxc4 25. Rd4 Ne5 26. Be2 0-0 27. Ne3 Rfd8 28. Nd5 Rac8+ 29. Kb1 Kf8 30. Rf5 Nc6 31. Rd1 Ne7 32. Nxe7 Rxd1+ 33. Bxd1 Bxe4+ 34. Bc2 Bxc2+ 0-1

[Event "Tromsoe NGP op"]
[Site "Tromsoe"]
[Date "2020.09.04"]
[Round "5"]
[White "Lindbol, Aleksander"]
[Black "Jaeger, Frode Bull"]
[Result "0-1"]
[WhiteElo "2239"]
[BlackElo "2143"]
[PlyCount "70"]
[EventDate "2020.09.04"]
[EventType "swiss"]
[EventRounds "5"]
[EventCountry "NOR"]
[SourceTitle "EXT 2021"]
[Source "ChessBase"]
[SourceDate "2020.10.23"]
[SourceVersion "1"]
[SourceVersionDate "2020.10.23"]
[SourceQuality "1"]

1. e4 c5 2. Nf3 Nc6 3. d4 cxd4 4. Nxd4 g6 5. c4 Nf6 6. Nc3 Nxd4 7. Qxd4 d6 8. f3 Bg7 9. Be3 0-0 10. Qd2 a5 11. Be2 a4 12. 0-0 Qa5 13. Rab1 Be6 14. Rfc1 Rfc8 15. b4 axb3 16. axb3 Nd7 17. Kh1 Qb4 18. Bg5 Nc5 19. Bxe7 Nxb3 20. Qd1 Nxc1 21. Rxb4 Bxc3 22. Rb1 Nxe2 23. Qxe2 Bxc4 24. Qe3 Bg7 25. Bxd6 b5 26. h4 Rd8 27. e5 h5 28. Qe4 Ra2 29. Rd1 Re2 30. Qf4 Bxe5 31. Bxe5 Rxd1+ 32. Kh2 Rdd2 33. Qg5 Rxg2+ 34. Qxg2 Rxg2+ 35. Kxg2 b4 0-1

[Event "NOR-chT Elite 1920"]
[Site "Norway"]
[Date "2020.03.08"]
[Round "9.5"]
[White "Nordquelle, Daniel"]
[Black "Lindbol, Aleksander"]
[Result "1-0"]
[WhiteElo "2284"]
[BlackElo "2232"]
[PlyCount "111"]
[EventDate "2019.11.01"]
[EventType "team-tourn"]
[EventRounds "9"]
[EventCountry "NOR"]
[SourceTitle "CBM 195 Extra"]
[Source "ChessBase"]
[SourceDate "2020.05.31"]
[SourceVersion "1"]
[SourceVersionDate "2020.05.31"]
[SourceQuality "1"]
[WhiteTeam "Nordstrand"]
[BlackTeam "Oslo SK 1911"]
[WhiteTeamCountry "NOR"]
[BlackTeamCountry "NOR"]

1. e4 c6 2. d4 d5 3. e5 c5 4. dxc5 e6 5. a3 Bxc5 6. b4 Bb6 7. Nf3 a5 8. Bb2 axb4 9. axb4 Rxa1 10. Bxa1 Ne7 11. Nbd2 0-0 12. Bd3 Ng6 13. g3 f6 14. exf6 gxf6 15. c4 Nc6 16. Qb1 Kg7 17. 0-0 e5 18. b5 Nce7 19. cxd5 Nxd5 20. Nc4 Bg4 21. Nfd2 Bd4 22. Bxd4 exd4 23. Qa1 Nc3 24. Qa7 Rf7 25. Qc5 Rc7 26. Qb6 Be2 27. Bxe2 Nxe2+ 28. Kg2 Qd5+ 29. f3 Rxc4 30. Nxc4 Qxc4 31. Qxb7+ Kh6 32. Qc6 Qxc6 33. bxc6 Ne7 34. c7 Nc3 35. Kf2 d3 36. Re1 Ncd5 37. Re6 Kg6 38. Rc6 Nc8 39. Rc5 Nb4 40. Ke3 Kf7 41. Rc4 Nd5+ 42. Kxd3 Ke6 43. Rh4 Nxc7 44. Rxh7 Nd5 45. h4 Nd6 46. Ke2 Ne7 47. Kf2 Nf7 48. g4 f5 49. g5 f4 50. Rg7 Nd6 51. h5 Ndf5 52. Rh7 Ng3 53. Kg2 Kd7 54. Kh3 Ke8 55. Kg4 Nd5 56. h6 1-0

[Event "Nova Gorica op 25th"]
[Site "Nova Gorica"]
[Date "2020.01.27"]
[Round "6"]
[White "Lindbol, Aleksander"]
[Black "Sebenik, Matej"]
[Result "1/2-1/2"]
[WhiteElo "2208"]
[BlackElo "2502"]
[PlyCount "173"]
[EventDate "2020.01.24"]
[EventType "swiss"]
[EventRounds "9"]
[EventCountry "SLO"]
[SourceTitle "CBM 194"]
[Source "ChessBase"]
[SourceDate "2020.01.27"]
[SourceVersion "1"]
[SourceVersionDate "2020.01.27"]
[SourceQuality "1"]

1. e4 e5 2. Nf3 Nc6 3. Bc4 Nf6 4. d3 Bc5 5. c3 0-0 6. b4 Be7 7. 0-0 d6 8. Nbd2 a5 9. b5 Nb8 10. a4 Bg4 11. Re1 Nbd7 12. h3 Bh5 13. Nf1 c6 14. Ng3 Bg6 15. bxc6 bxc6 16. Bb3 d5 17. exd5 Nxd5 18. Qd2 Qc7 19. Ba3 Bxa3 20. Rxa3 Rab8 21. Nh4 Qd6 22. Nxg6 hxg6 23. Qa2 Kh8 24. Bxd5 cxd5 25. c4 f5 26. cxd5 Nf6 27. Rc3 Nxd5 28. Rc4 Rb4 29. Qa1 Re8 30. Ne2 Nf6 31. Nc1 Rxc4 32. dxc4 Ne4 33. Qb2 Qc5 34. Nd3 Qd6 35. Qb5 Re7 36. Qd5 Qc7 37. c5 Nf6 38. Qd6 e4 39. Ne5 Kh7 40. Qxc7 Rxc7 41. c6 Re7 42. Rc1 Nd5 43. Nc4 Rc7 44. Nxa5 Ra7 45. Nb3 Nc7 46. a5 Ra6 47. Rc5 Kg8 48. g4 Kf7 49. gxf5 gxf5 50. Rxf5+ Ke6 51. Nd4+ Kd6 52. Rg5 Nd5 53. Rxg7 Rxa5 54. Rd7+ Ke5 55. c7 Rc5 56. Nb5 Nb6 57. Rh7 Kf4 58. Nd6 Rc6 59. Rh4+ Kg5 60. Rg4+ Kh5 61. Nxe4 Rxc7 62. Kg2 Kh6 63. Ng3 Nd5 64. Rd4 Nf6 65. h4 Kg7 66. Rd6 Ra7 67. h5 Ra5 68. h6+ Kf7 69. f4 Ra4 70. f5 Rh4 71. Ra6 Rxh6 72. Ne4 Ng4 73. Ra7+ Kf8 74. Kg3 Ne3 75. Kf4 Nxf5 76. Kxf5 Ke8 77. Nf6+ Kd8 78. Ke5 Kc8 79. Ke6 Kb8 80. Rf7 Rh1 81. Kd6 Rd1+ 82. Nd5 Kc8 83. Rh7 Rd2 84. Rh3 Rd1 85. Rb3 Rd2 86. Kc6 Rc2+ 87. Rc3 1/2-1/2

[Event "Nova Gorica op 25th"]
[Site "Nova Gorica"]
[Date "2020.01.24"]
[Round "1"]
[White "Lindbol, Aleksander"]
[Black "Plenca, Jadranko"]
[Result "0-1"]
[WhiteElo "2208"]
[BlackElo "2463"]
[PlyCount "34"]
[EventDate "2020.01.24"]
[EventType "swiss"]
[EventRounds "9"]
[EventCountry "SLO"]
[SourceTitle "CBM 194"]
[Source "ChessBase"]
[SourceDate "2020.01.27"]
[SourceVersion "1"]
[SourceVersionDate "2020.01.27"]
[SourceQuality "1"]

1. c4 e6 2. g3 d5 3. Nf3 Nf6 4. Bg2 Be7 5. 0-0 0-0 6. b3 a5 7. Bb2 a4 8. Na3 c6 9. d3 Nbd7 10. Qc2 Qa5 11. e4 dxe4 12. dxe4 e5 13. Rfd1 Re8 14. Ne1 b5 15. cxb5 cxb5 16. Qe2 Ba6 17. Nd3 Bxa3 0-1

[Event "Gothenburg Kvibergspelen 09"]
[Site "Gothenburg"]
[Date "2019.09.29"]
[Round "7"]
[White "Lindberg, Bengt"]
[Black "Lindbol, Aleksander"]
[Result "1-0"]
[WhiteElo "2397"]
[BlackElo "2216"]
[PlyCount "65"]
[EventDate "2019.09.27"]
[EventType "swiss"]
[EventRounds "8"]
[EventCountry "SWE"]
[SourceTitle "EXT 2020"]
[Source "ChessBase"]
[SourceDate "2019.10.17"]
[SourceVersion "1"]
[SourceVersionDate "2019.10.17"]
[SourceQuality "1"]

1. e4 c5 2. Nf3 Nc6 3. d4 cxd4 4. Nxd4 Nf6 5. Nc3 e5 6. Ndb5 d6 7. Bg5 a6 8. Na3 b5 9. Nd5 Be7 10. Bxf6 Bxf6 11. c4 b4 12. Nc2 0-0 13. g3 Bg5 14. Bg2 a5 15. 0-0 Be6 16. Kh1 Bh6 17. f4 exf4 18. gxf4 Rc8 19. Nce3 Ne7 20. Qh5 Rc5 21. Rae1 Kh8 22. b3 Ng8 23. Qf3 Qh4 24. Qg3 Qd8 25. Rd1 Ne7 26. Nxe7 Qxe7 27. f5 Bc8 28. Ng4 Rd8 29. e5 Bg5 30. exd6 Qf8 31. Ne5 Bf6 32. Nc6 Rd7 33. Qe3 1-0

[Event "Gothenburg Kvibergspelen 09"]
[Site "Gothenburg"]
[Date "2019.09.28"]
[Round "5"]
[White "Lindbol, Aleksander"]
[Black "Bellon Lopez, Juan Manuel"]
[Result "0-1"]
[WhiteElo "2216"]
[BlackElo "2334"]
[PlyCount "102"]
[EventDate "2019.09.27"]
[EventType "swiss"]
[EventRounds "8"]
[EventCountry "SWE"]
[SourceTitle "EXT 2020"]
[Source "ChessBase"]
[SourceDate "2019.10.17"]
[SourceVersion "1"]
[SourceVersionDate "2019.10.17"]
[SourceQuality "1"]

1. e4 c5 2. Nf3 Nc6 3. d4 cxd4 4. Nxd4 e5 5. Nb5 d6 6. c4 Nf6 7. N1c3 a6 8. Na3 Be7 9. Be2 0-0 10. Be3 Ne8 11. 0-0 Bg5 12. Nd5 Bxe3 13. Nxe3 Qh4 14. Bd3 Be6 15. Nd5 f5 16. exf5 Bxd5 17. cxd5 Ne7 18. Rc1 Qd4 19. Nc2 Qxb2 20. Rb1 Qxa2 21. Rxb7 Rf7 22. Qe2 Qa5 23. Ne3 Nf6 24. Rfb1 Qc5 25. Bxa6 Ne4 26. Qc4 Qd4 27. Rb8+ Rf8 28. Rxf8+ Kxf8 29. Rd1 Qxc4 30. Bxc4 Ra3 31. g4 g6 32. Rb1 gxf5 33. gxf5 Kf7 34. Rb7 Kf6 35. Ng4+ Kxf5 36. Rxe7 Kxg4 37. Rxh7 Ng5 38. Be2+ Kf5 39. Rh6 e4 40. Rxd6 Nh3+ 41. Kf1 Ra1+ 42. Bd1 Rxd1+ 43. Ke2 Rd3 44. Rd8 Nf4+ 45. Ke1 Nxd5 46. h4 Kg4 47. Rh8 Nf4 48. Re8 Kf3 49. Rf8 Rd5 50. Rf7 Rh5 51. Rg7 Nd3+ 0-1

[Event "Fagernes GM op"]
[Site "Fagernes"]
[Date "2019.04.16"]
[Round "4"]
[White "Mihajlov, Sebastian"]
[Black "Lindbol, Aleksander"]
[Result "1-0"]
[WhiteElo "2361"]
[BlackElo "2139"]
[PlyCount "65"]
[EventDate "2019.04.14"]
[EventType "swiss"]
[EventRounds "9"]
[EventCountry "NOR"]
[SourceTitle "CBM 189 Extra"]
[Source "ChessBase"]
[SourceDate "2019.06.03"]
[SourceVersion "1"]
[SourceVersionDate "2019.06.03"]
[SourceQuality "1"]

1. e4 c5 2. Nf3 Nc6 3. d4 cxd4 4. Nxd4 Nf6 5. Nc3 e5 6. Ndb5 d6 7. Bg5 a6 8. Na3 b5 9. Nd5 Be7 10. Bxf6 Bxf6 11. c4 b4 12. Nc2 0-0 13. g3 Bg5 14. Bg2 Rb8 15. 0-0 b3 16. axb3 Rxb3 17. Rb1 Bh6 18. Nce3 Nd4 19. Nc2 Nc6 20. Na1 Rb8 21. b4 g6 22. Nc2 Bg7 23. Qd3 Be6 24. Nce3 Kh8 25. Kh1 f5 26. f4 fxe4 27. Bxe4 Bg8 28. f5 gxf5 29. Nxf5 Bxd5 30. cxd5 Nxb4 31. Qe3 a5 32. Qa7 Rg8 33. Nh6 1-0

[Event "Lisbon Portugal op"]
[Site "Lisbon"]
[Date "2019.02.08"]
[Round "8"]
[White "Lindbol, Aleksander"]
[Black "Chinguun, Sumiya"]
[Result "0-1"]
[WhiteElo "2190"]
[BlackElo "2286"]
[PlyCount "56"]
[EventDate "2019.02.02"]
[EventType "swiss"]
[EventRounds "9"]
[EventCountry "POR"]
[SourceTitle "CBM 188 Extra"]
[Source "ChessBase"]
[SourceDate "2019.02.26"]
[SourceVersion "1"]
[SourceVersionDate "2019.02.26"]
[SourceQuality "1"]

1. e4 c5 2. Nf3 e6 3. d4 cxd4 4. Nxd4 a6 5. Nc3 Qc7 6. Bd3 Bc5 7. Nb3 Be7 8. f4 d6 9. Qf3 b5 10. 0-0 Bb7 11. Be3 Nd7 12. Rad1 Ngf6 13. a3 0-0 14. Qh3 Rfd8 15. g4 d5 16. exd5 exd5 17. Nd4 Ne4 18. Bxe4 dxe4 19. Nf5 Bf8 20. g5 Nb6 21. Ng3 Nc4 22. Ngxe4 Re8 23. b3 Bxe4 24. Nxe4 Rxe4 25. bxc4 Qxc4 26. Bc1 Qxc2 27. Rd2 Qc4 28. Qf3 Rae8 0-1

[Event "Lisbon Portugal op"]
[Site "Lisbon"]
[Date "2019.02.03"]
[Round "2"]
[White "Spraggett, Kevin"]
[Black "Lindbol, Aleksander"]
[Result "1-0"]
[WhiteElo "2513"]
[BlackElo "2190"]
[PlyCount "63"]
[EventDate "2019.02.02"]
[EventType "swiss"]
[EventRounds "9"]
[EventCountry "POR"]
[SourceTitle "CBM 188 Extra"]
[Source "ChessBase"]
[SourceDate "2019.02.26"]
[SourceVersion "1"]
[SourceVersionDate "2019.02.26"]
[SourceQuality "1"]

1. e4 c6 2. Nc3 d5 3. Nf3 Bg4 4. h3 Bxf3 5. Qxf3 Nf6 6. d3 e6 7. a3 Nbd7 8. g3 Bd6 9. Bg2 Qc7 10. Qe2 0-0-0 11. Bd2 d4 12. Nd1 e5 13. b4 h5 14. h4 Kb8 15. Nb2 c5 16. b5 Nb6 17. Ba5 Qd7 18. a4 Bc7 19. Bxb6 axb6 20. Bh3 Qe7 21. Nc4 Ne8 22. a5 Qf6 23. axb6 Bxb6 24. 0-0 Rh6 25. f4 exf4 26. Rxf4 Qe7 27. Qf3 Nc7 28. Rxf7 Qe8 29. e5 Rg6 30. Kh2 Qxb5 31. Bg2 Ba7 32. Rxc7 1-0

[Event "NOR-chT 1819"]
[Site "Norway"]
[Date "2018.11.03"]
[Round "2.2"]
[White "Lindbol, Aleksander"]
[Black "Gudbrandsen, Gustav"]
[Result "1/2-1/2"]
[WhiteElo "2141"]
[BlackElo "2265"]
[PlyCount "113"]
[EventDate "2018.11.02"]
[EventType "team-tourn"]
[EventRounds "9"]
[EventCountry "NOR"]
[SourceTitle "CBM 188 Extra"]
[Source "ChessBase"]
[SourceDate "2019.02.26"]
[SourceVersion "1"]
[SourceVersionDate "2019.02.26"]
[SourceQuality "1"]
[WhiteTeam "Oslo SK 1911"]
[BlackTeam "Akademisk"]
[WhiteTeamCountry "NOR"]
[BlackTeamCountry "NOR"]

1. c4 g6 2. d4 Bg7 3. Nc3 c5 4. d5 Bxc3+ 5. bxc3 f5 6. Nf3 Qa5 7. Qc2 Nf6 8. Bh6 d6 9. e3 Nbd7 10. Rb1 Nb6 11. Bd3 Bd7 12. 0-0 Ba4 13. Qb2 Qa6 14. Ng5 Bd7 15. h3 Nfxd5 16. cxd5 Qxd3 17. c4 Rg8 18. Rbc1 0-0-0 19. Rfd1 Nxc4 20. Qa1 Qe2 21. Re1 Qh5 22. Rxc4 Rde8 23. Nf7 g5 24. Nxg5 Qxh6 25. h4 Qg6 26. g3 h6 27. Nh3 e5 28. dxe6 Qxe6 29. Rec1 Bc6 30. Kh2 Qd5 31. Nf4 Qf3 32. Qb2 Rxe3 33. Rg1 Ree8 34. Rc3 Qe4 35. Rd3 Rg4 36. Qd2 Qb4 37. Qxb4 cxb4 38. Rxd6 h5 39. Rgd1 Rgg8 40. Nxh5 Rd8 41. Nf4 Rxd6 42. Rxd6 Rd8 43. Rd3 Be4 44. Rb3 Rd2 45. Rxb4 Rxf2+ 46. Kh3 Rf1 47. Rb2 Rh1+ 48. Rh2 Rxh2+ 49. Kxh2 Kd7 50. Kg1 b5 51. Kf2 b4 52. Ke3 Bb1 53. Nd3 a5 54. Nc1 Ke6 55. Kd4 f4 56. gxf4 Kf5 57. Kc5 1/2-1/2